Pays d'europe de M à Z. - Statistiques

Statistiques générales
  • Ce quiz a été pris 198 fois
  • Le résultat moyen est 19 sur 21
Statistiques - réponses
Réponse % Correct
Pologne
94%
Portugal
94%
Norvège
93%
Russie
93%
Slovaquie
93%
Slovénie
93%
Suède
93%
Vatican
92%
Macédoine du Nord
91%
Moldavie
90%
Monténégro
90%
Tchéquie /République Tchèque
90%
Monaco
89%
Roumanie
89%
Serbie
89%
Ukraine
89%
Malte
88%
Saint-Marin
87%
Suisse
84%
Pays-Bas / Holande
81%
Royaume-Uni
81%
Aucun quiz correspondant
Distribution des résultats
% des personnes avec chaque résultat
Percentile par nombre de réponses
Votre historique - résultats
Vous n’avez pas pris ce quiz